000 00639nam a2200229Ia 4500
003 OSt
005 20220926041222.0
006 a|||||r|||| 00| 0
007 ta
008 220923b |||||||| |||| 00| 0 eng d
037 _cGeneral Book
040 _aRTL
_cRTL
_beng
041 _2eng
_aeng
082 _aX.72.N55t, GD
110 _aCANADA, ECONOMIC PROSPECTS (Royal commission).
_9344659
245 0 _aFinal report
260 _c1954
650 _aCanada Economic Conditions
700 _aCANADA, ECONOMIC PROSPECTS (Royal commission).
_9344660
942 _hX.72.N55t, GD
_cGB
_2CC
999 _c666669
_d666669